| 000 | 00918 am a22002174a 4500 | ||
|---|---|---|---|
| 003 | OSt | ||
| 005 | 20150901135116.0 | ||
| 008 | 120307s2012 ua a g 000 0 ara d | ||
| 040 | _adlc | ||
| 082 | 0 | 4 |
_a217.6 _2 21 _bا ل ع |
| 100 | 1 |
_aالعوا، محمد سليم. _933047 |
|
| 245 | 1 | 0 |
_aقضية الإخوان المسلمين 1995 : _b الملف الوثائقي الكامل للدعوى و إجراءاتها و الحكم الصادر فيها / _c محمد سليم العوا. |
| 250 | _aط. 1. | ||
| 260 |
_aالقاهرة : _b دار الشروق، _c 2012. |
||
| 300 |
_a217 ص. : _b إيض. ؛ _c 24 سم. |
||
| 500 | _aمتوافر منه الطبعة الثانية لعام 2012 بمكتبة مصر الرئيسية. | ||
| 650 | 1 | 4 |
_aالإخوان المسلمون. _915845 _2BUEsh |
| 651 | 4 |
_aمصر _x الأحوال السياسية. _933048 _2BUEsh |
|
| 653 | _cApril2013 | ||
| 942 |
_2ddc _cBB |
||
| 999 |
_c17423 _d17395 |
||